Mahathir administration : Leadership and change in a multi-racial society

Bibliographic Details
Main Author: Chung Kek Yoong
Format: Book
Published: Petaling Jaya : Pelanduk Publications (M) Sdn. Bhd. , 1987
Subjects:

MARC

LEADER 00000cam a2200000 7i4500
001 0000008162
002 000008902
005 20080111.0
020 |a 9679781569 
090 0 0 |a 959.5054   |b CHU 
100 0 |a Chung Kek Yoong 
245 1 0 |a Mahathir administration :   |b Leadership and change in a multi-racial society   |c Chung Kek Yoong 
260 |a Petaling Jaya :   |b Pelanduk Publications (M) Sdn. Bhd. ,   |c 1987 
300 |a 180p. :   |b ill ;   |c 21cm. 
500 |a Koleksi Perdana Menteri Malaysia Aras 3 
600 0 0 |a Mahathir bin Mohamad ,   |c Tun Dr. ,   |d 1925- 
651 0 |a Malaysia   |x Economic conditions 
651 0 |a Malaysia   |x Politics and government 
999 |a 0002589   |b BUKU   |c MALAYSIANA   |e PERPUSTAKAAN KOMUNITI PETALING JAYA 
999 |a 0002661   |b BUKU   |c MALAYSIANA   |e PERPUSTAKAAN KOMUNITI PETALING JAYA